000 00958cam a22002534i 4500
999 _c57788
_d57788
001 19036640
005 20201201130936.0
008 160330s2015 miu a b 001 0 eng
020 _a9780866124515
041 _aeng
080 _a338.48+796 S-34
100 1 _aSchmidgall, Raymond S.,
_d1945-
_99801
245 1 0 _aHospitality industry financial accounting /
_cRaymond S. Schmidgall, Ph.D., CPA, James W. Damitio, Ph.D., CMA.
250 _aFourth edition.
264 1 _aLansing, Michigan :
_bAHLEI, American Hotel & Lodging Educational Institute,
_c2015.
300 _a555 pages :
_billustrations ;
_c23 cm.
650 0 _aHospitality industry
_xAccounting.
_99802
650 0 _aAccounting.
_92071
653 _aეკონომიკა
653 _aტურიზმი
653 _aსტუმართმოყვარეობის ინდუსტრია
700 1 _aDamitio, James W.
_eავტორი
_99803
942 _2udc
_cBK